[Event "Reykjavik Open 2025"]
[Site "Reykjavik ISL"]
[Date "2025.04.09"]
[Round "1.1"]
[White "Maghsoodloo, Parham"]
[Black "Tscheuschner, Georg"]
[Result "1-0"]
[WhiteTitle "GM"]
[WhiteElo "2684"]
[BlackElo "2168"]
[WhiteFideId "12539929"]
[BlackFideId "12935549"]
[EventDate "2025.04.09"]

1. d4 Nf6 2. c4 e6 3. Nc3 Bb4 4. e3 O-O 5. Ne2 c6 6. a3 Ba5 7. Bd2 d5 8. Ng3
Nbd7 9. f4 Bc7 10. Rc1 dxc4 11. Bxc4 Nd5 12. O-O f5 13. Nh1 b5 14. Ba2 Rf6 15.
Rf3 N7b6 16. Nf2 Nc4 17. Nd3 Bb6 18. Ne2 Bd7 19. Bxc4 bxc4 20. Rxc4 c5 21. dxc5
Bb5 22. Rd4 Bxd3 23. Rxd3 Bxc5 24. Nc3 Qb6 25. Rxd5 exd5 26. Nxd5 Qd6 27. Nxf6+
gxf6 28. h3 Re8 29. Kh2 Kh8 30. Qc2 Qd5 31. Bc3 Re6 32. Qf2 Qe4 33. Qh4 Bxe3 34.
Rg3 Bd4 35. Qh6 1-0

[Event "Reykjavik Open 2025"]
[Site "Reykjavik ISL"]
[Date "2025.04.09"]
[Round "1.3"]
[White "Lu, Shanglei"]
[Black "Birkisson, Bjorn Holm"]
[Result "1-0"]
[WhiteTitle "GM"]
[BlackTitle "CM"]
[WhiteElo "2618"]
[BlackElo "2154"]
[WhiteFideId "8603332"]
[BlackFideId "2310600"]
[EventDate "2025.04.09"]

1. e4 e6 2. d4 d5 3. e5 c5 4. c3 Nc6 5. Nf3 Bd7 6. Be2 Nge7 7. O-O Ng6 8. g3 f6
9. exf6 gxf6 10. c4 dxc4 11. Nc3 cxd4 12. Nxd4 Bg7 13. Ncb5 Nxd4 14. Nd6+ Ke7
15. Qxd4 Qb6 16. Qxb6 axb6 17. Nxc4 Bb5 18. Bd2 Bxc4 19. Bxc4 Ne5 20. Be2 f5 21.
Bc3 Kf7 22. Rfe1 Bf6 23. Bxe5 Bxe5 24. Bc4 Kf6 25. Re2 Rac8 26. Bb3 Rhe8 27.
Rae1 Rc5 28. Kg2 f4 29. gxf4 Bd4 30. Rxe6+ Rxe6 31. Rxe6+ Kf5 32. Rxb6 Kxf4 33.
Rxb7 Rg5+ 34. Kf1 Rh5 35. Rb4 Ke4 36. Bc2+ 1-0

[Event "Reykjavik Open 2025"]
[Site "Reykjavik ISL"]
[Date "2025.04.09"]
[Round "1.18"]
[White "Jonsson, Gauti Pall"]
[Black "Cornette, Matthieu"]
[Result "1/2-1/2"]
[BlackTitle "GM"]
[WhiteElo "2122"]
[BlackElo "2528"]
[WhiteFideId "2309092"]
[BlackFideId "620084"]
[EventDate "2025.04.09"]

1. e4 c5 2. Nf3 Nc6 3. Bc4 Nf6 4. Qe2 d5 5. exd5 Nxd5 6. O-O Nb6 7. Bb5 Bd7 8.
a4 a6 9. Bxc6 Bxc6 10. Ne5 Qd5 11. Nxc6 Qxc6 12. Nc3 e6 13. d3 Be7 14. a5 Nc8
15. Qg4 Kf8 16. Bg5 f6 17. Bd2 Kf7 18. Rfe1 h5 19. Qe2 Na7 20. Ra4 Rae8 21. Rh4
g6 22. Re4 Bd8 23. Nd1 Nb5 24. Ne3 h4 25. h3 Nd4 26. Qd1 Kg7 27. c3 Nb5 28. Nc4
Bc7 29. Qe2 Kf7 30. Bf4 e5 31. Bh2 g5 32. Bxe5 fxe5 33. Nxe5+ Bxe5 34. Rxe5 Nc7
35. Qg4 Rxe5 36. Rxe5 Ne8 37. Qxg5 Nf6 38. Rxc5 Rh5 39. Rxc6 Rxg5 40. Rc7+ Kg6
41. b4 Nd5 42. Rxb7 Nf4 43. Rb6+ Kf5 44. g3 hxg3 45. fxg3 Rxg3+ 46. Kf2 Rxd3 47.
Rxa6 Rxc3 48. Ke1 Ke4 49. Kd2 Rd3+ 50. Kc2 Nd5 51. Rh6 Nxb4+ 52. Kb2 Kd5 53. a6
Kc4 54. Rh4+ Kb5 55. a7 Rd2+ 56. Kc3 Rd3+ 57. Kb2 Rd8 58. Rh7 Kb6 59. Kc3 Nc6
60. h4 Nxa7 61. h5 Nb5+ 62. Kc2 Kc5 63. h6 Nd4+ 64. Kc3 Nf5 65. Rf7 Nxh6 66. Rf6
Ng4 67. Rf5+ Kc6 68. Rg5 Ne3 69. Rh5 Nd5+ 70. Kc4 Nb6+ 71. Kc3 Ra8 72. Rh6+ Kc5
73. Kd3 Nd5 74. Rh5 Ra4 75. Rh8 Rd4+ 76. Ke2 Rf4 77. Ra8 Re4+ 78. Kf3 Re3+ 79.
Kg4 Kd4 80. Rd8 Re7 81. Kf3 Re5 82. Ra8 Rf5+ 83. Kg3 Nc3 84. Rd8+ Ke3 85. Kg4
Ra5 86. Rb8 Ne4 87. Rb3+ Kd4 88. Rb4+ Ke5 89. Rb8 Ra3 90. Rb5+ Ke6 91. Rb6+ Nd6
92. Rb8 Ke5 93. Rh8 Ne4 94. Re8+ Kd4 95. Kf4 Nf6 96. Rd8+ Nd5+ 97. Kg4 Ra7 98.
Kf3 1/2-1/2

[Event "Reykjavik Open 2025"]
[Site "Reykjavik ISL"]
[Date "2025.04.09"]
[Round "1.43"]
[White "Mensing, Adrian"]
[Black "Yankelevich, Lev"]
[Result "0-1"]
[BlackTitle "GM"]
[WhiteElo "2078"]
[BlackElo "2413"]
[WhiteFideId "1043293"]
[BlackFideId "24684074"]
[EventDate "2025.04.09"]

1. d4 Nf6 2. c4 e6 3. g3 Bb4+ 4. Nd2 O-O 5. Bg2 d6 6. Nf3 a5 7. a3 Bxd2+ 8. Nxd2
e5 9. dxe5 dxe5 10. O-O Qe7 11. Qc2 Nc6 12. Re1 a4 13. Qc3 Bf5 14. e4 Be6 15.
Nf1 Nd4 16. Bg5 h6 17. Be3 Nb3 18. Rad1 Ng4 19. h3 Nxe3 20. Nxe3 Qc5 21. Kh2
Rad8 22. f4 f6 23. Nd5 c6 24. fxe5 cxd5 25. exd5 Bf5 26. e6 Rfe8 27. Rf1 Bh7 28.
Bf3 Bg6 29. Bg4 h5 30. Be2 Qd6 31. Rf4 Qe5 32. Qxe5 fxe5 33. Rh4 Bc2 34. Rf1 g6
35. Kg2 Nd4 36. Bd1 Bxd1 37. Rxd4 exd4 38. Rxd1 b5 39. Kf3 bxc4 40. Ke4 d3 41.
Ke5 Rb8 42. Rd2 Rb5 0-1

[Event "Reykjavik Open 2025"]
[Site "Reykjavik ISL"]
[Date "2025.04.10"]
[Round "2.16"]
[White "Xu, Yuanyuan"]
[Black "Zierk, Steven"]
[Result "1/2-1/2"]
[WhiteTitle "WGM"]
[BlackTitle "GM"]
[WhiteElo "2288"]
[BlackElo "2501"]
[WhiteFideId "8601089"]
[BlackFideId "2034255"]
[EventDate "2025.04.09"]

1. d4 Nf6 2. c4 e6 3. Nc3 Bb4 4. e3 O-O 5. Ne2 c6 6. a3 Ba5 7. b4 Bc7 8. e4 d5
9. e5 Nfd7 10. Nf4 a5 11. Rb1 axb4 12. axb4 c5 13. bxc5 Ba5 14. Bd2 dxc4 15. Nb5
Nc6 16. Bxa5 Qxa5+ 17. Qd2 Rd8 18. Qxa5 Rxa5 19. Bxc4 Ra4 20. Bb3 Ra5 21. Bc2
Rxb5 22. Rxb5 Nxd4 23. Rb2 Nxe5 24. O-O Nc4 25. Ra2 e5 26. Bd3 b5 27. cxb6 Nxb6
28. Rb1 exf4 29. Rxb6 f3 1/2-1/2

[Event "Reykjavik Open 2025"]
[Site "Reykjavik ISL"]
[Date "2025.04.10"]
[Round "2.22"]
[White "Borne, Felix"]
[Black "Kjartansson, Gudmundur"]
[Result "1-0"]
[BlackTitle "GM"]
[WhiteElo "2225"]
[BlackElo "2450"]
[WhiteFideId "551039915"]
[BlackFideId "2301318"]
[EventDate "2025.04.09"]

1. Nf3 d5 2. g3 g6 3. Bg2 Bg7 4. O-O e5 5. d3 Ne7 6. c4 c6 7. e4 O-O 8. b4 dxe4
9. dxe4 Qxd1 10. Rxd1 Be6 11. Na3 Na6 12. Ng5 Bg4 13. f3 Bc8 14. b5 Nc5 15. Be3
Na4 16. Rac1 h6 17. Nh3 Be6 18. Nf2 Rfc8 19. Nd3 f6 20. Nc5 Nxc5 21. Bxc5 Bf8
22. f4 Bg4 23. Rf1 cxb5 24. cxb5 Rxc5 25. Rxc5 Nf5 26. Rc7 Ne3 27. Nc4 Nxf1 28.
Bxf1 exf4 29. gxf4 Rc8 30. Rxc8 Bxc8 31. Kg2 Bc5 32. Bd3 Kf7 33. Kf3 h5 34. Ne3
Bd4 35. Bc4+ Ke7 36. h4 Bd7 37. a4 b6 38. Bd5 Be8 39. Nc4 Bd7 40. Ne3 Bh3 41.
Bc4 Bc8 42. Nd5+ Kd6 43. Ne3 Bb7 44. Bd5 Bxd5 45. Nxd5 f5 46. Ne3 fxe4+ 47. Kxe4
Bf6 48. Nc4+ Kc5 49. Ne5 Bxh4 50. Nxg6 Bf6 51. Ne5 Bg7 52. f5 h4 53. Nd7+ Kb4
54. Nb8 Kxa4 55. Nc6 Kxb5 56. Nxa7+ Kc5 1-0

[Event "Reykjavik Open 2025"]
[Site "Reykjavik ISL"]
[Date "2025.04.10"]
[Round "2.29"]
[White "Kirk, Ezra"]
[Black "Harish, Neeraj"]
[Result "1-0"]
[WhiteTitle "IM"]
[BlackTitle "CM"]
[WhiteElo "2394"]
[BlackElo "2169"]
[WhiteFideId "600067"]
[BlackFideId "30958130"]
[EventDate "2025.04.09"]

1. Nf3 d5 2. c4 e6 3. g3 d4 4. Bg2 Nc6 5. O-O Bc5 6. e3 a5 7. exd4 Nxd4 8. Nxd4
Bxd4 9. Nc3 Ne7 10. Ne2 Bf6 11. Qa4+ Bd7 12. Qb3 a4 13. Qxb7 Rb8 14. Qa7 O-O 15.
Qc5 Nf5 16. d4 Be7 17. Qa5 c5 18. Qxd8 Rfxd8 19. dxc5 Rdc8 20. Rd1 Bc6 21. Bxc6
Rxc6 22. b3 Bxc5 23. Bf4 Ra8 24. Rab1 axb3 25. axb3 Rb6 26. Nc3 Bb4 27. Nb5 h5
28. Ra1 Rba6 29. Rxa6 Rxa6 30. Bd2 Be7 31. Bc3 Ra8 32. Kg2 Kh7 33. Rd7 Kg6 34.
b4 Bf6 35. Bxf6 Kxf6 36. Na7 e5 37. c5 Ke6 38. c6 e4 39. Nb5 Rc8 40. Nc7+ Ke5
41. b5 Nd4 42. Rd5+ Kf6 43. Rxd4 Rxc7 44. Rc4 Ke6 45. b6 1-0

[Event "Reykjavik Open 2025"]
[Site "Reykjavik ISL"]
[Date "2025.04.10"]
[Round "2.30"]
[White "Cramling Bellon, Anna"]
[Black "Arnalds, Stefan"]
[Result "1-0"]
[WhiteTitle "WFM"]
[WhiteElo "2046"]
[BlackElo "1850"]
[WhiteFideId "32009232"]
[BlackFideId "2304821"]
[EventDate "2025.04.09"]

1. d4 Nf6 2. c4 e6 3. Nf3 d5 4. Nc3 Be7 5. g3 O-O 6. Bg2 c6 7. O-O Nbd7 8. b3 b6
9. Bb2 Bb7 10. Qc2 Rc8 11. Rad1 Qc7 12. e4 Nxe4 13. Nxe4 dxe4 14. Qxe4 Nf6 15.
Qe2 Rfd8 16. Nd2 c5 17. Bxb7 Qxb7 18. dxc5 Rxc5 19. Bxf6 Bxf6 20. Ne4 Rcc8 21.
Nd6 Qc6 22. Nxc8 Qxc8 23. Rxd8+ Qxd8 24. Rd1 Qe7 25. Qd3 h5 26. Qd6 Qb7 27. Qf4
h4 28. gxh4 Qa6 29. a4 Qa5 30. Qg4 Qc3 31. Qg3 Qc2 32. Qd3 Qb2 33. h5 Qe5 34.
Qf3 Qg5+ 35. Kh1 Be5 36. Rd7 Qc1+ 37. Qd1 Qf4 38. Rd8+ Kh7 39. Qd3+ f5 40. Kg2
Qxh2+ 41. Kf1 Qxh5 42. Qe3 Bf6 43. Rd3 e5 44. Qf3 Qg5 45. Qh1+ Kg8 46. Qa8+ Kf7
47. Qd5+ Kf8 48. Qd6+ Kf7 49. Qc7+ Kf8 50. Qb8+ Kf7 51. Qxa7+ Be7 52. Qxb6 f4
53. Qc6 Qf5 54. Qd7 Qh5 55. Qd5+ Kf6 1-0

[Event "Reykjavik Open 2025"]
[Site "Reykjavik ISL"]
[Date "2025.04.10"]
[Round "2.34"]
[White "Chaney, Ari"]
[Black "Saine, Zachary"]
[Result "1/2-1/2"]
[WhiteElo "1798"]
[BlackElo "2019"]
[WhiteFideId "30970172"]
[BlackFideId "2624346"]
[EventDate "2025.04.09"]

1. e4 e5 2. Nf3 Nc6 3. Bb5 a6 4. Ba4 Nf6 5. d3 d6 6. O-O b5 7. Bb3 Na5 8. c3
Nxb3 9. axb3 c5 10. c4 b4 11. h3 h6 12. Nh2 g6 13. Re1 Bg7 14. Nd2 O-O 15. Ndf1
Nh5 16. Nf3 Bb7 17. Ne3 Nf4 18. Kh2 f5 19. Nd5 g5 20. g3 Ne6 21. Kg2 Qe8 22. Qe2
Kh8 23. Rh1 Qg6 24. Ne7 Qh7 25. Nd5 Rae8 26. Bd2 Qg6 27. g4 fxg4 28. hxg4 Rf7
29. Be3 Ref8 30. Rh3 Bc8 31. Nh2 Bb7 32. f3 Nd4 33. Bxd4 exd4 34. Nf1 Be5 35.
Nd2 Kg7 36. Rah1 Rh8 37. Ra1 h5 38. gxh5 Rxh5 39. Rxh5 Qxh5 40. Rh1 Qg6 41. Nf1
g4 42. fxg4 Bc8 43. Rh4 Qg5 44. Kh3 Qc1 45. Kg2 Kg8 46. Nh2 Rg7 47. Qf2 Rf7 48.
Qe2 Qg5 49. Rh5 Qg6 50. Rh4 Rh7 51. Rxh7 Qxh7 52. Nf1 Qh4 53. Kg1 Bxg4 54. Qg2
Kh8 55. Qf2 Qg5 1/2-1/2

[Event "Reykjavik Open 2025"]
[Site "Reykjavik ISL"]
[Date "2025.04.10"]
[Round "2.43"]
[White "Woods, Yannick"]
[Black "Bekker, Stefan"]
[Result "0-1"]
[BlackTitle "FM"]
[WhiteElo "1979"]
[BlackElo "2358"]
[WhiteFideId "2518384"]
[BlackFideId "1022229"]
[EventDate "2025.04.09"]

1. e4 c5 2. Nf3 d6 3. d4 cxd4 4. Nxd4 Nf6 5. Nc3 a6 6. Bg5 Nbd7 7. Bc4 Qb6 8.
Bb3 e6 9. Be3 Nc5 10. f3 h5 11. Qe2 Be7 12. O-O-O Bd7 13. Kb1 O-O-O 14. Bg5 Kb8
15. f4 Bc8 16. Rhf1 Rhe8 17. e5 dxe5 18. fxe5 Rxd4 19. Rxd4 Nxb3 20. Rdd1 Nd4
21. Qc4 Nb5 22. Nxb5 axb5 23. Qf4 Nd5 24. Qxf7 Bxg5 25. Qxe8 Ne3 26. Rf8 Qc5 27.
Rh1 Qxc2+ 28. Ka1 Qc5 29. h4 Bh6 30. Qd8 Nc4 31. Rd1 Nxe5 32. Qd6+ Qxd6 33. Rxd6
Kc7 34. Rd4 Bd7 35. Kb1 Bc6 36. g3 Nf3 37. Rf7+ Kb6 38. Rd6 Nd2+ 39. Kc2 Ne4 40.
Rxe6 Nxg3 41. Kd3 Kc5 42. Rxc6+ bxc6 43. Rf3 Nh1 44. Ke2 Kd4 45. Rd3+ Ke4 46.
Rh3 g5 47. Rxh1 g4 48. Rd1 Bg7 49. Rd6 c5 50. b3 Bd4 51. a4 c4 52. bxc4 bxa4 53.
Ra6 g3 54. Rxa4 g2 0-1

[Event "Reykjavik Open 2025"]
[Site "Reykjavik ISL"]
[Date "2025.04.10"]
[Round "3.2"]
[White "Prraneeth, Vuppala"]
[Black "Ivic, Velimir"]
[Result "0-1"]
[WhiteTitle "GM"]
[BlackTitle "GM"]
[WhiteElo "2433"]
[BlackElo "2623"]
[WhiteFideId "46622373"]
[BlackFideId "950122"]
[EventDate "2025.04.09"]

1. e4 c5 2. Nf3 Nc6 3. d4 cxd4 4. Nxd4 Nf6 5. Nc3 e5 6. Ndb5 d6 7. Nd5 Nxd5 8.
exd5 Nb8 9. a4 Be7 10. Bd2 O-O 11. a5 Bf5 12. Be3 Na6 13. c3 Qb8 14. Be2 Nc7 15.
O-O Nxb5 16. Bxb5 Qc7 17. a6 b6 18. Ra4 Rac8 19. f4 exf4 20. Raxf4 Bg5 21. Rxf5
Bxe3+ 22. Kh1 g6 23. R5f3 Bh6 24. Qd4 Bg7 25. Qh4 Be5 26. g4 f6 27. Qf2 Rf7 28.
Qe2 Rcf8 29. Qc4 Qd8 30. Qe4 Kh8 31. Qe2 Qc8 32. Qc4 Rc7 33. Qe4 Rc5 34. Bd3 Qd7
35. Rh3 Kg8 36. Qg2 b5 37. Rff3 Qg7 38. Rh4 b4 39. Rfh3 bxc3 40. Rxh7 Qxh7 41.
Rxh7 Kxh7 42. bxc3 Rxc3 43. Qe4 Rg8 44. h4 Rg7 45. h5 Kg8 46. hxg6 Re7 47. Kg2
Kg7 48. Qf5 Rb3 49. Kf3 Bd4 50. g5 fxg5 51. Kg4 Rb2 52. Qf3 Bf6 53. Bf5 Re1 54.
Qa3 Rg1+ 55. Kf3 Rf1+ 56. Ke3 Rxf5 57. Qxd6 Kxg6 58. Qd7 Re5+ 59. Kd3 Re7 60.
Qc8 Rb3+ 61. Kd2 Rb2+ 62. Kd3 Rb6 63. Qg8+ Bg7 64. Qd8 Rf7 65. d6 Rb4 66. Ke3
Rd4 67. Qb8 Rd5 68. Ke4 Rd1 69. Ke3 Kh6 70. Qb3 Re1+ 71. Kd2 Ref1 72. Qh3+ Kg6
73. Qd3+ R1f5 74. d7 Bf6 75. d8=Q Bxd8 76. Qxd8 g4 77. Qg8+ Kh5 78. Qh8+ Kg5 79.
Qd8+ Kf4 80. Qd4+ Kf3 81. Qe3+ Kg2 82. Qe4+ Kg3 83. Qe3+ Kh2 84. Qh6+ Kg2 85.
Qc6+ Rf3 86. Qe4 g3 87. Ke2 Kg1 88. Qd4+ Rf2+ 89. Ke1 Rf3 90. Qxa7 Ra3 91. Qg7
Ra1+ 0-1

[Event "Reykjavik Open 2025"]
[Site "Reykjavik ISL"]
[Date "2025.04.10"]
[Round "3.8"]
[White "Jacobson, Brandon"]
[Black "Heimisson, Hilmir Freyr"]
[Result "1-0"]
[WhiteTitle "GM"]
[BlackTitle "IM"]
[WhiteElo "2570"]
[BlackElo "2376"]
[WhiteFideId "30901561"]
[BlackFideId "2309998"]
[EventDate "2025.04.09"]

1. c4 e5 2. g3 Nf6 3. Bg2 c6 4. d4 e4 5. Bg5 Bb4+ 6. Nc3 O-O 7. Bxe4 h6 8. Bxf6
Qxf6 9. e3 d6 10. Ne2 Re8 11. Bg2 Bg4 12. O-O Bxc3 13. bxc3 Nd7 14. f3 Be6 15.
d5 Bf5 16. e4 Bh7 17. Rb1 Nb6 18. Qb3 Rac8 19. Bh3 Rc7 20. Nd4 cxd5 21. cxd5 Nc4
22. Rf2 a6 23. Bf1 Ne5 24. Qa3 Nd7 25. Qa5 Qd8 26. Rfb2 Nc5 27. Nb3 Nd7 28. Nd2
Qb8 29. Nc4 Qa7+ 30. Kh1 Rxc4 31. Bxc4 Qe3 32. Rf1 Bxe4 33. Be2 Bf5 34. g4 Bd3
35. Bxd3 Qxd3 36. Rbf2 Nc5 37. Qb4 Qxd5 38. Qd4 Qc6 39. c4 Re6 40. h3 Qe8 41.
Kg2 Qe7 42. Rd1 Rf6 43. Kh2 Re6 44. Rdd2 Nd7 45. Kg2 Nc5 46. Qd5 Qe8 47. Qd4 Qe7
48. Qf4 Re5 49. Rd1 Re6 50. Rd4 Re5 51. Qd2 Re6 52. Rd5 Nd7 53. Kh2 Ne5 54. Qd4
Qc7 55. f4 Nxc4 56. g5 h5 57. f5 Re8 58. Rc2 b5 59. g6 Qe7 60. f6 Qxf6 61. Qxf6
gxf6 62. gxf7+ Kxf7 63. Rxh5 Ke6 64. Rh7 Rc8 65. Ra7 Rc6 66. h4 d5 67. Ra8 Rd6
68. Re2+ Ne5 69. h5 d4 70. h6 Rd7 71. Rxa6+ Kf5 72. Kg3 d3 73. Rf2+ Ke4 74. Rf4+
Ke3 75. Ra3 Rf7 76. Rb3 Ke2 77. Rf2+ Ke3 78. Rxb5 Re7 79. Rxf6 d2 80. Rd5 Nc4
81. Rf4 Rc7 82. Rd8 Ne5 83. Rf5 Re7 84. Rd5 Nc4 85. Rf4 Ne5 86. Rf5 Nc4 87. Rd8
Re6 88. h7 Rh6 89. Rc5 Rg6+ 90. Kh4 Nd6 91. Rxd6 Rxd6 92. h8=Q d1=Q 93. Qe5+ Kf2
94. Qg3+ Ke2 95. Qh2+ Ke3 96. Qe5+ Kf2 97. Qf4+ Ke2 98. Re5+ Kd3 99. Qe3+ Kc2
100. Qb3+ Kc1 101. Rc5+ Kd2 102. Rd5+ 1-0

[Event "Reykjavik Open 2025"]
[Site "Reykjavik ISL"]
[Date "2025.04.10"]
[Round "3.11"]
[White "Bekker, Stefan"]
[Black "Amar, Elham"]
[Result "1/2-1/2"]
[WhiteTitle "FM"]
[BlackTitle "GM"]
[WhiteElo "2358"]
[BlackElo "2546"]
[WhiteFideId "1022229"]
[BlackFideId "1533533"]
[EventDate "2025.04.09"]

1. e4 c5 2. Nf3 Nc6 3. Bb5 e6 4. O-O Nge7 5. Re1 Nd4 6. Nxd4 cxd4 7. c3 a6 8.
Ba4 b5 9. Bb3 Nc6 10. a4 b4 11. Bd5 Bc5 12. cxb4 Bxb4 13. Bxc6 dxc6 14. b3 e5
15. Ba3 c5 16. Bxb4 cxb4 17. d3 Be6 18. Nd2 Rc8 19. Nc4 Bxc4 20. dxc4 O-O 21.
Qd2 a5 22. f4 f6 23. f5 Qd7 24. Qd3 g6 25. Rf1 Kh8 26. Rf3 Rg8 27. Raf1 Qc6 28.
h3 Rc7 29. fxg6 Rxg6 30. Rf5 Kg7 1/2-1/2

[Event "Reykjavik Open 2025"]
[Site "Reykjavik ISL"]
[Date "2025.04.11"]
[Round "4.32"]
[White "Kavutskiy, Kostya"]
[Black "Ravi Krishna G"]
[Result "1-0"]
[WhiteTitle "IM"]
[WhiteElo "2351"]
[BlackElo "2100"]
[WhiteFideId "2026384"]
[BlackFideId "25707817"]
[EventDate "2025.04.09"]

1. e4 c5 2. Nf3 e6 3. d4 cxd4 4. Nxd4 Nf6 5. Nc3 Nc6 6. g3 Bb4 7. Bg2 d6 8. Ne2
O-O 9. O-O e5 10. a3 Bc5 11. Na4 Nd4 12. c3 Nxe2+ 13. Qxe2 Bg4 14. Qd3 Qd7 15.
Nxc5 dxc5 16. Qxd7 Nxd7 17. Be3 f6 18. f3 Be6 19. Rfd1 Rfd8 20. b4 b6 21. Rd6
Kf7 22. Rad1 Ke7 23. Bf1 cxb4 24. cxb4 Nf8 25. Rxd8 Rxd8 26. Rxd8 Kxd8 27. a4
Kc7 28. a5 Nd7 29. h4 Nb8 30. h5 Nc6 31. Bd2 Nd4 32. Kf2 Kc6 33. h6 gxh6 34.
Bxh6 f5 35. Bd3 bxa5 36. bxa5 fxe4 37. Bxe4+ Bd5 38. Ke3 Nb3 39. a6 Nc5 40. Bxh7
Nxa6 41. Bg7 Kd6 42. Bf8+ Kd7 43. Bf5+ Kc6 44. Bg7 Kd6 45. Bf8+ Kc6 46. g4 Nc7
47. g5 Ne6 48. Be7 Nd4 49. Be4 Kd7 50. Bc5 Bxe4 51. Kxe4 Ne6 52. Be3 Kd6 53. g6
Ng7 54. Bh6 Nh5 55. Kf5 e4 56. Bf8+ Kd7 57. fxe4 Ke8 58. Bb4 Ng3+ 59. Kf4 Nh5+
60. Kg5 Ng7 61. e5 a6 62. Kh6 Ne6 63. Kh7 Ng5+ 64. Kh8 a5 65. Ba3 Nf7+ 66. gxf7+
Kxf7 67. Bb2 Ke6 68. Kg7 1-0

[Event "Reykjavik Open 2025"]
[Site "Reykjavik ISL"]
[Date "2025.04.12"]
[Round "5.3"]
[White "Royal, Shreyas"]
[Black "Ivic, Velimir"]
[Result "1/2-1/2"]
[WhiteTitle "GM"]
[BlackTitle "GM"]
[WhiteElo "2465"]
[BlackElo "2623"]
[WhiteFideId "448869"]
[BlackFideId "950122"]
[EventDate "2025.04.09"]

1. d4 d6 2. e4 Nf6 3. Nc3 g6 4. Be3 Bg7 5. Qd2 c6 6. f3 b5 7. h4 h5 8. Nh3 Nbd7
9. Ng5 Nb6 10. Bd3 e5 11. O-O-O exd4 12. Bxd4 b4 13. Ne2 O-O 14. b3 a5 15. Bb2
a4 16. Qxb4 axb3 17. axb3 Ra2 18. Qe1 Rxb2 19. Kxb2 Nxe4+ 20. c3 Nxg5 21. hxg5
Qxg5 22. Qf2 c5 23. Qh4 Qe5 24. Qe4 Qf6 25. Qc6 d5 26. Qxc5 Bd7 27. Nd4 Rc8 28.
Qa5 Ra8 29. Qc5 Bf8 30. Qc7 Bd6 31. Qb7 Rb8 32. Qa7 Ra8 33. Qb7 Be5 34. Ra1 Rb8
35. Qa7 Rc8 36. Ra6 Bxd4 37. cxd4 Qxd4+ 38. Ka2 Qxd3 39. Qxb6 Qd2+ 40. Ka3 Rc2
41. Ra1 Rc8 42. Qb7 Be6 43. Ra8 Qc3 44. Rb1 Qc5+ 45. Ka2 d4 46. Rxc8+ Bxc8 47.
Qa8 d3 48. Qa3 Qg5 49. Qd6 Qd2+ 50. Ka3 Qa5+ 51. Kb2 Qd2+ 52. Ka3 Be6 53. Qd4
Qa5+ 54. Kb2 Qd2+ 55. Ka3 Qxg2 56. Qxd3 Bf5 57. Qd8+ Kh7 58. Re1 Qxf3 59. Re8
Qc3 60. Qd6 Be6 61. Rb8 h4 62. Qd8 Qc5+ 63. Ka4 g5 64. Rb5 Qa7+ 65. Kb4 Qe3 66.
Qxg5 Qxg5 67. Rxg5 Kh6 68. Rg8 h3 69. Kc3 Kh5 70. Kd4 Bxb3 71. Ke3 Be6 1/2-1/2